[Event "2nd Dato' Arthur Tan Malaysian Open"]
[Site "Kuala Lumpur MAS"]
[Date "2005.08.23"]
[Round "6"]
[White "Tirto"]
[Black "Sales,J"]
[Result "1-0"]
[WhiteElo "2370"]
[BlackElo "2340"]

1.e4 c5 2.Nf3 e6 3.d4 cxd4 4.Nxd4 a6 5.Bd3 Qc7 6.O-O Nc6 7.Nxc6 dxc6 8.f4 h5
9.Nd2 c5 10.a4 Nf6 11.Nc4 Bd7 12.Bd2 b6 13.Ne5 Bc8 14.Qe2 Bb7 15.Bc3 h4 16.Rf3 c4
17.Nxc4 Bc5+ 18.Kh1 Nh5 19.Qe1 Ng3+ 20.Rxg3 hxg3 21.Qxg3 Rg8 22.Qg5 Be7 23.Qe5 Qxe5
24.Bxe5 f6 25.Bd4 g5 26.fxg5 Rxg5 27.Bxb6 f5 28.Re1 Rc8 29.b3 e5 30.Re2 f4
31.Na5 Ba8 32.Nc4 Rc6 33.Ba7  1-0

[Event "Rudenko mem"]
[Site "St Petersburg RUS"]
[Date "2005.08.23"]
[Round "4"]
[White "Severiukhina,Z"]
[Black "Kuznetsova,T"]
[Result "0-1"]
[WhiteElo "2099"]
[BlackElo "2010"]

1.e4 c5 2.Nf3 e6 3.d4 cxd4 4.Nxd4 a6 5.Bd3 b5 6.O-O Bb7 7.Nd2 d6 8.N2b3 Nf6
9.Qe1 Nbd7 10.Na5 Qc7 11.Nxb7 Qxb7 12.Nb3 Ne5 13.Na5 Qc7 14.a4 bxa4 15.Rxa4 Be7
16.Nc4 Nxd3 17.cxd3 d5 18.Qa5 Qb7 19.Qb6 Qd7 20.e5 Qxa4 21.exf6 gxf6 22.Nd6+ Bxd6
23.Qxd6 Rg8 24.b3 Qd7 25.Qf4 Rg6 26.Ba3 d4 27.Rc1 e5 28.Qe4 Rb8 29.h4 h5
30.f3 Qb7 31.Qf5 Rd8 32.Qxh5 Qxb3 33.Rc7 Qxa3 34.Qh7 Qf8 35.h5 Rg5 36.f4 Rg7
37.Qe4 Qd6 38.Ra7 Qd5 39.Qe2 Rb8 40.Rxa6 Ke7 41.Ra7+ Kf8 42.h6 Rh7 43.Qh5 Rb2
44.Qg4 Rxh6 45.Rd7 Qa8  0-1

[Event "13th Open"]
[Site "Nikaia GRE"]
[Date "2005.08.25"]
[Round "4"]
[White "Dochev,D"]
[Black "Stiri,A"]
[Result "1-0"]
[WhiteElo "2370"]
[BlackElo "2201"]

1.e4 c5 2.Nf3 e6 3.d4 cxd4 4.Nxd4 a6 5.Bd3 g6 6.c4 Bg7 7.Nb3 Ne7 8.Nc3 O-O
9.O-O d5 10.cxd5 exd5 11.Bg5 dxe4 12.Bxe4 Qxd1 13.Raxd1 Nbc6 14.Nc5 h6 15.Bf4 Bg4
16.f3 Bc8 17.Kh1 Rd8 18.Rxd8+ Nxd8 19.N3a4 Ndc6 20.Nb6 Ra7 21.Bxc6 bxc6 22.Bb8 Rb7
23.Nxb7 Bxb7 24.Rd1 Nd5 25.Nxd5 cxd5 26.Ba7 f5 27.Bd4 Bf8 28.Rd3 Kf7 29.Rb3 Bc8
30.Rb8 Bd7 31.Rb7  1-0

[Event "Operation Capablanca"]
[Site "Vienna AUT"]
[Date "2005.08.25"]
[Round "2"]
[White "Sulskis,S"]
[Black "Van der Weide,K"]
[Result "1-0"]
[WhiteElo "2535"]
[BlackElo "2482"]

1.e4 c5 2.Nf3 e6 3.d4 cxd4 4.Nxd4 a6 5.Bd3 Nf6 6.O-O Qc7 7.c4 Nc6 8.Nf3 Bc5
9.Bg5 Ne5 10.Nc3 d6 11.Nxe5 dxe5 12.b4 Bd4 13.Rc1 O-O 14.c5 Kh8 15.Qf3 Ng8
16.Ne2 f6 17.Nxd4 exd4 18.e5 f5 19.c6 Rb8 20.a3 bxc6 21.Qxc6 Qf7 22.Qd6 Bb7
23.Rc7 Qe8 24.Qd7 Qxd7 25.Rxd7 h6 26.Bd2 Rfd8 27.Rc7 Re8 28.Rfc1 Ne7 29.f3 Nd5
30.Rd7 Red8 31.Rxd8+ Rxd8 32.Kf2 Rd7 33.a4 Kg8 34.b5 axb5 35.Bxb5 Rc7 36.a5 Nc3
37.a6 Ba8 38.Bxc3 dxc3 39.Bd3 Rc5 40.Ke3 Rxe5+ 41.Kd4 Ra5 42.Rxc3 Kf7 43.Rc5 Ra3
44.Bc4 Kf6 45.Rc8 Bd5 46.Bxd5 exd5 47.Rc6+ Kg5 48.Kxd5 Ra2 49.Kc4 Rxg2 50.Kb3 Re2
51.a7 Re8 52.Ra6 Ra8 53.Ra4 Kh5 54.Kc3 g5 55.Kd2 f4 56.Ra6 g4 57.Ke2 g3 58.hxg3 fxg3
59.Kf1 Kg5 60.Kg2 h5 61.Kxg3 h4+ 62.Kh3 Kf5 63.Ra4  1-0

[Event "41st Rubinstein Mem Open A"]
[Site "Polanica Zdroj POL"]
[Date "2005.08.27"]
[Round "9"]
[White "Iwanikov,O"]
[Black "Poznanska,K"]
[Result "1/2-1/2"]
[WhiteElo "2197"]
[BlackElo "2102"]

1.e4 c5 2.Nf3 e6 3.d4 cxd4 4.Nxd4 a6 5.Bd3 b5 6.O-O Bb7 7.Be3 Qc7 8.Nd2 Nf6
9.f3 Bd6 10.h3 Nh5 11.Bf2 Bh2+ 12.Kh1 Ng3+ 13.Bxg3 Bxg3 14.c4 Nc6 15.N4b3 Ne5
16.Qe2 O-O 17.cxb5 Nxd3 18.Qxd3 axb5 19.Rfc1 Qb6 20.Nd4 Be5 21.N2b3 d5 22.Rc5 Bxd4
23.Qxd4 dxe4 24.fxe4 Ra4 25.Rc4 Qxd4 26.Rxd4 Bxe4 27.Rxa4 bxa4 28.Nc5 Bc6
29.Rc1 Rc8 30.Rc3 Rb8 31.Nd3 Be4 32.Nc5 Bc6 33.Nd3 Bb5 34.Nc5 h5 35.b4 Rd8  1/2-1/2

[Event "Rudenko mem"]
[Site "St Petersburg RUS"]
[Date "2005.08.28"]
[Round "9"]
[White "Severiukhina,Z"]
[Black "Sirotkina,N"]
[Result "0-1"]
[WhiteElo "2099"]
[BlackElo "2243"]

1.e4 c5 2.Nf3 e6 3.d4 cxd4 4.Nxd4 a6 5.Bd3 Nf6 6.O-O Qc7 7.c4 Nc6 8.Nxc6 dxc6
9.Be3 e5 10.h3 Be7 11.Nc3 O-O 12.Qe2 b5 13.Rae1 Nd7 14.cxb5 axb5 15.Rc1 Qd8
16.b3 Ba3 17.Rc2 Qe7 18.Nb1 Bc5 19.Rfc1 Bxe3 20.Qxe3 Bb7 21.a3 Rfd8 22.Be2 Nf8
23.Bg4 Rd4 24.Nc3 Qxa3 25.Ne2 Rdd8 26.Rc5 Re8 27.Ng3 Qb2 28.Nh5 Qd4 29.Qxd4 exd4
30.Rg5 Ng6 31.Bd7 Rxe4 32.Bxc6 Bxc6 33.Rxc6 Re1+ 34.Kh2 Rd8 35.Rcc5 d3 36.Rgd5 Ree8
37.Rxd8 Rxd8 38.Rc1 d2 39.Rd1 Rd3 40.Ng3 h6 41.Ne4 Rxb3 42.Rxd2 Ne5 43.Rd5 Nc4
44.g4 b4 45.Rd8+ Kh7 46.Rd7 Kg6 47.f4 f5 48.Ng3 Rb2+ 49.Kh1 fxg4 50.hxg4 Ne3
51.f5+ Kg5 52.Rxg7+ Kh4 53.Ne4 Kh3 54.Kg1 Rg2+ 55.Kh1 b3 56.Rg6 b2 57.Rxh6+ Kxg4
58.Nc3 Rc2 59.Rb6 Nc4  0-1

[Event "Paul Keres Mem B"]
[Site "Tallinn EST"]
[Date "2005.08.31"]
[Round "2"]
[White "Narva,J"]
[Black "Soskov,V"]
[Result "1/2-1/2"]
[WhiteElo "2300"]
[BlackElo "2257"]

1.e4 c5 2.Nf3 e6 3.d4 cxd4 4.Nxd4 a6 5.Bd3 Nf6 6.O-O Qc7 7.Qe2 d6 8.c4 Nbd7
9.b3 Be7 10.Bb2 b6 11.Nc3 Bb7 12.Rae1 O-O 13.f4 g6 14.e5 dxe5 15.fxe5 Nh5
16.Be4 Bc5 17.Na4 Bb4 18.Rd1 Ng7 19.Bxb7 Qxb7 20.g4  1/2-1/2

[Event "Paul Keres Mem A"]
[Site "Tallinn EST"]
[Date "2005.08.31"]
[Round "3"]
[White "Zavoronkov,V"]
[Black "Miezis,N"]
[Result "0-1"]
[WhiteElo "2374"]
[BlackElo "2527"]

1.e4 c5 2.Nf3 e6 3.d4 cxd4 4.Nxd4 a6 5.Bd3 Nf6 6.O-O e5 7.Nf3 Nc6 8.c4 Bc5
9.Nc3 d6 10.h3 h6 11.Be3 g5 12.Nh2 Rg8 13.Be2 Nd4 14.Bg4 h5 15.Bxh5 g4 16.hxg4 Nxh5
17.gxh5 Bh3 18.g3 Qh4 19.Kh1 Bxf1 20.Qxf1 Qxh5 21.Nd5 O-O-O 22.Ne7+ Kc7 23.Nxg8 Rxg8
24.Bxd4 Bxd4 25.Re1 Rh8 26.Qg2 Bxb2 27.Kg1 Bc3 28.Re3 Bd4 29.Rf3 Kb8 30.Rf5 Qd1+
31.Qf1 Qc2 32.Rxf7 Qxa2 33.Qd3 Rc8 34.g4 Rxc4 35.Nf1 Rc3 36.Rf8+ Ka7 37.Qd1 Rc2
38.Ne3 Bxe3 39.Qxd6 Rxf2 40.Qb8+ Kb6 41.Qd6+ Ka5 42.Qc7+ Ka4 43.Qd7+ b5 44.Qd1+ Rc2+
45.Kh1 Qb3  0-1

[Event "Paul Keres Mem B"]
[Site "Tallinn EST"]
[Date "2005.09.01"]
[Round "5"]
[White "Lauk,U"]
[Black "Narva,J"]
[Result "1/2-1/2"]
[WhiteElo "2368"]
[BlackElo "2300"]

1.e4 c5 2.Nf3 e6 3.d4 cxd4 4.Nxd4 a6 5.Bd3 Bc5 6.Nb3 Be7 7.Nc3 d6 8.O-O Nf6
9.a4 b6 10.f4 Qc7  1/2-1/2

[Event "Operation Capablanca"]
[Site "Vienna AUT"]
[Date "2005.09.02"]
[Round "9"]
[White "Sulskis,S"]
[Black "Siebrecht,S"]
[Result "1-0"]
[WhiteElo "2535"]
[BlackElo "2487"]

1.e4 c5 2.Nf3 e6 3.d4 cxd4 4.Nxd4 a6 5.Bd3 Nf6 6.O-O Qc7 7.Qe2 d6 8.a4 g6
9.a5 Bg7 10.Nc3 O-O 11.Be3 Re8 12.Na4 Nbd7 13.Nb6 Rb8 14.Qf3 Ne5 15.Qg3 Nfd7
16.Nb3 Nxd3 17.cxd3 Qc2 18.Ra3 Nxb6 19.Bxb6 Qxb2 20.Qxd6 Be5 21.Ra2 Bxd6
22.Rxb2 Bd7 23.Bc5 Bc7 24.d4 Rbc8 25.f3 Bb5 26.Rd1 h5 27.g3 Red8 28.Kg2 Rd7
29.Rc1 Bd8 30.Ra2 g5 31.Kf2 Kh7 32.Raa1 Kg6 33.Ke3 f5 34.Bb6 Rxc1 35.Rxc1 f4+
36.gxf4 gxf4+ 37.Kd2 Bxb6 38.axb6 Rd6 39.Rc7 Rxb6 40.Nc5 Rd6 41.Kc3 Be2 42.Nxb7 Rb6
43.Nc5 Bd1 44.h4 Bxf3 45.Nd7 Rb1 46.Nf8+ Kf6 47.Nh7+ Kg6 48.Nf8+ Kf6 49.e5+ Kf5
50.Rf7+ Kg4 51.Nxe6 Bd5 52.Rxf4+ Kg3 53.Rf6 Rb3+ 54.Kc2 Rb4 55.Nf4 Bf3 56.e6 Rxd4
57.e7 Bd1+ 58.Kc1 Re4 59.Kxd1 Rxe7 60.Ng6 Ra7 61.Ke2 a5 62.Rf3+ Kg4 63.Kf2 Ra6
64.Ne5+ Kxh4 65.Rg3  1-0

[Event "Paul Keres Mem A"]
[Site "Tallinn EST"]
[Date "2005.09.03"]
[Round "7"]
[White "Raud,R"]
[Black "Miezis,N"]
[Result "0-1"]
[WhiteElo "2356"]
[BlackElo "2527"]

1.e4 c5 2.Nf3 e6 3.d4 cxd4 4.Nxd4 a6 5.Bd3 Nc6 6.Nxc6 dxc6 7.Nd2 e5 8.Nc4 Nf6
9.Bd2 Bc5 10.Qf3 Qe7 11.h3 b5 12.Ne3 g6 13.a4 Rb8 14.axb5 axb5 15.O-O h5
16.b4 Bd6 17.Ra7 Nd7 18.c3 Rb7 19.Rfa1 O-O 20.Rxb7 Bxb7 21.Ra7 Rb8 22.Bc2 Qf6
23.Qd1 Bc7 24.Bb3 Bb6 25.Ra2 Nf8 26.c4 bxc4 27.Bxc4 Ne6 28.Bxe6 Qxe6 29.Qc2 Bd4
30.Ra5 Rd8 31.Nc4 c5 32.bxc5 Bxe4 33.Qxe4 Qxc4 34.Be3 Qc3 35.Ra8 Rxa8 36.Qxa8+ Kg7
37.Bxd4 exd4 38.c6 d3 39.Qd8 d2 40.c7 h4 41.c8=Q Qxc8 42.Qxd2 Qe6 43.Qd4+ Qf6
44.Qd1 Qe5 45.Qc1 Qd4 46.Qe1 g5 47.Kh2 Kf6 48.g3 Qb2 49.Kg1 Qe5 50.Qxe5+ Kxe5
51.f4+ Kf5 52.fxg5 hxg3 53.Kg2 Kf4 54.h4 Kg4 55.h5 Kxh5  0-1

[Event "FSGM September"]
[Site "Budapest HUN"]
[Date "2005.09.04"]
[Round "2"]
[White "Szabo,Kr"]
[Black "Fogarasi,T"]
[Result "1/2-1/2"]
[WhiteElo "2422"]
[BlackElo "2490"]

1.e4 c5 2.Nf3 e6 3.d4 cxd4 4.Nxd4 a6 5.Bd3 d5 6.exd5 Qxd5 7.O-O Nd7 8.Be3 Bc5
9.Nc3 Qe5 10.Nf3 Qc7 11.Qd2 Bxe3 12.Qxe3 Ngf6 13.Ne4 Nxe4 14.Bxe4 h6 15.c3 O-O
16.Bc2 Nf6 17.Qe5 Qb6 18.c4 Bd7 19.c5 Qa5 20.a3 Bc6 21.b4 Qd8 22.Rfd1 Qb8
23.Qe3 a5 24.Rab1 axb4 25.axb4 Rd8 26.Rxd8+ Qxd8 27.b5 Bd5 28.h3 Ra2 29.Bb3 Bxb3
30.Qxb3 Ra8 31.c6 bxc6 32.bxc6 Nd5 33.Ne5 Rc8 34.Qb7 Rc7 35.Ra1 Rxb7 36.cxb7 Qc7
37.Ra8+ Kh7 38.b8=Q Qc1+ 39.Kh2 Qf4+ 40.Kg1 Qc1+ 41.Kh2 Qf4+ 42.Kg1 Qc1+
43.Kh2 Qf4+ 44.Kg1  1/2-1/2

[Event "Paul Keres Mem A"]
[Site "Tallinn EST"]
[Date "2005.09.04"]
[Round "9"]
[White "Rytshagov,M"]
[Black "Kulaots,K"]
[Result "1/2-1/2"]
[WhiteElo "2455"]
[BlackElo "2570"]

1.e4 c5 2.Nf3 e6 3.d4 cxd4 4.Nxd4 a6 5.Bd3 Bc5 6.Nb3 Ba7 7.O-O Ne7 8.c4 d6
9.Nc3 e5 10.Qe2 Be6 11.Be3 Bxe3 12.Qxe3 Nd7 13.Rfd1 Qb6 14.Qxb6 Nxb6 15.Na5 O-O-O
16.Rac1 Nc6 17.Nd5  1/2-1/2

[Event "TCh-POL Ekstraliga"]
[Site "Lubniewice POL"]
[Date "2005.09.07"]
[Round "5"]
[White "Owczarzak,J"]
[Black "Grabarczyk,B"]
[Result "1/2-1/2"]
[WhiteElo "2368"]
[BlackElo "2464"]

1.e4 c5 2.Nf3 e6 3.d4 cxd4 4.Nxd4 a6 5.Bd3 d6 6.c4 Nd7 7.O-O Ngf6 8.Qe2 g6
9.b3 Bg7 10.Bb2 O-O 11.Nd2 Re8 12.Rad1 b6 13.Nc2 Bb7 14.f4 Nc5 15.b4 Nxd3
16.Qxd3 Rc8 17.Ne3 Qd7 18.Bxf6 Bxf6 19.e5 Be7 20.Ne4  1/2-1/2

[Event "TCh-POL Ekstraliga"]
[Site "Lubniewice POL"]
[Date "2005.09.08"]
[Round "6"]
[White "Skrochocka,J"]
[Black "Guzkowska Nurkiewicz,M"]
[Result "1/2-1/2"]
[WhiteElo "2064"]
[BlackElo "2140"]

1.e4 c5 2.Nf3 e6 3.d4 cxd4 4.Nxd4 a6 5.Bd3 Bc5 6.Nb3 Ba7 7.O-O d6 8.Qe2 Nf6
9.Be3 Bxe3 10.Qxe3 O-O 11.Nc3 Nc6 12.f4 e5 13.Nd5 Ng4 14.Qg3 exf4 15.Rxf4 Nge5
16.Raf1 Be6 17.Kh1 Kh8 18.Ne3 f6 19.Nf5 Bxf5 20.exf5 Qc7 21.Nd4 Nxd4 22.Rxd4 Rac8
23.c3 Rfe8 24.Rd1 Rcd8 25.h3 Qc5 26.Be4  1/2-1/2

[Event "EYg18"]
[Site "Herceg Novi SCG"]
[Date "2005.09.15"]
[Round "2"]
[White "Dierckens,S"]
[Black "Bolon,K"]
[Result "1-0"]
[WhiteElo "1851"]
[BlackElo "2064"]

1.e4 c5 2.Nf3 e6 3.d4 cxd4 4.Nxd4 a6 5.Bd3 Qc7 6.Nc3 b5 7.O-O Nf6 8.Be3 Bb7
9.f3 Bc5 10.Bf2 d6 11.a3 Nbd7 12.Nb3 Ne5 13.Nxc5 dxc5 14.Be2 h5 15.Qd2 Nfd7
16.Qg5 f6 17.Qxg7 O-O-O 18.Qg3 Rdg8 19.Qh3 Ng6 20.Be3 h4 21.Qxe6 h3 22.g3 Nf8
23.Qe8+ Qd8 24.Qxd8+ Kxd8 25.Rad1 Kc7 26.Nd5+ Bxd5 27.Rxd5 Ne6 28.Rfd1 Nb6
29.Rd6 Re8 30.b4 Nc8 31.Rd7+ Kc6 32.bxc5 Nxc5 33.Bxc5 Kxc5 34.R1d5+ Kc6 35.Rf7 Re6
36.c4 bxc4 37.Bxc4 Nd6 38.Rd4 Kc5 39.Bxe6 Kxd4 40.Rd7 Ke5 41.Re7 Kd4 42.Kf2 Rb8
43.Bxh3 Rb2+ 44.Kg1 Ke3 45.e5 Rb1+ 46.Bf1 fxe5 47.Rxe5+ Kxf3 48.Re6 Ne4 49.Rxa6 Ng5
50.Rf6+ Ke3 51.Rf5 Nf3+ 52.Kg2 Rb2+ 53.Kh3 Rf2 54.Bb5 Rxh2+ 55.Kg4 Nd4 56.Re5+ Kf2
57.Rd5 Ke3 58.a4 Ke4 59.Rd8 Rh6 60.Rb8 Rg6+ 61.Kh3 Rh6+ 62.Kg2 Nf5 63.Re8+ Kd4
64.Rg8 Ne3+ 65.Kf3 Rf6+ 66.Ke2 Nf5 67.g4 Ng3+ 68.Ke1 Ne4 69.g5 Rf2 70.Rd8+ Ke3
71.Rd3+ Kf4 72.Rd4 Ra2 73.Bc6 Ra1+ 74.Ke2 Ra2+ 75.Kd1 Ke3 76.Rxe4+ Kd3 77.Ke1 Rc2
78.Bd5 Rc5 79.Re5 Kd4 80.Rf5 Ke3 81.Kf1 Rc1+ 82.Kg2 Rc2+ 83.Kg3 Rc1 84.Kg4 Rc7
85.g6 Rg7 86.Kg5  1-0

[Event "EYb16"]
[Site "Herceg Novi SCG"]
[Date "2005.09.16"]
[Round "3"]
[White "Olszewski,Mi"]
[Black "Jurcik,Mart"]
[Result "1-0"]
[WhiteElo "2399"]
[BlackElo "2145"]

1.e4 c5 2.Nf3 e6 3.d4 cxd4 4.Nxd4 a6 5.Bd3 Nf6 6.O-O Qc7 7.c4 d6 8.Nc3 g6
9.Be3 Bg7 10.Rc1 O-O 11.f3 Nbd7 12.Qd2 b6 13.Rfd1 Bb7 14.Bf1 Rfd8 15.Qf2 Rac8
16.b4 Qb8 17.Nb3 Bc6 18.a4 Ne8 19.Qa2 Be5 20.a5 b5 21.cxb5 Bxc3 22.bxc6 Rxc6
23.Nd4 Bxd4 24.Rxd4 Rxc1 25.Bxc1 Qa7 26.Be3 Nb8 27.Qc2 Nc7 28.Rd3 Qb7 29.Bb6 Rd7
30.Qd2 Nb5 31.Rb3 Na7 32.Rc3 Nc8 33.Bd4 Rc7 34.Bf6 Nd7 35.Bxa6 Qxb4 36.Rxc7 Qxd2
37.Rxd7 Qe3+ 38.Kf1 Qc1+ 39.Kf2 Qc5+ 40.Kg3 Qxa5 41.Bxc8 Qe1+ 42.Kh3  1-0

[Event "EYb16"]
[Site "Herceg Novi SCG"]
[Date "2005.09.16"]
[Round "3"]
[White "Apaydin,F"]
[Black "Figura,A"]
[Result "0-1"]
[WhiteElo "2174"]
[BlackElo "2277"]

1.e4 c5 2.Nf3 e6 3.d4 cxd4 4.Nxd4 a6 5.Bd3 Bc5 6.Nb3 Ba7 7.O-O Nc6 8.Nc3 Nf6
9.Re1 d6 10.Be3 Bxe3 11.Rxe3 O-O 12.Kh1 e5 13.Be2 Qc7 14.Qd2 b5 15.Rg3 Ne7
16.a3 Bb7 17.Bf3 Rfd8 18.Qg5 Ng6 19.Rd1 Bc6 20.h4 h6 21.Qe3 Kh8 22.Rh3 a5
23.g3 b4 24.axb4 axb4 25.Nd5 Bxd5 26.exd5 Qxc2 27.h5 Ne7 28.g4 Nfxd5 29.Qe1 Qxb3
30.g5 hxg5 31.Rg3 Qc4 32.Rg4 Qc8 33.Qd2 Nf4  0-1

[Event "Geller mem Open A"]
[Site "Odessa UKR"]
[Date "2005.09.18"]
[Round "4"]
[White "Arutyunova,D"]
[Black "Volosheniuk,A"]
[Result "1-0"]
[WhiteElo "2338"]
[BlackElo "2082"]

1.e4 c5 2.Nf3 e6 3.d4 cxd4 4.Nxd4 a6 5.Bd3 Nc6 6.Nxc6 bxc6 7.Nd2 d6 8.O-O Nf6
9.f4 Qc7 10.Qe1 e5 11.Nf3 Bg4 12.Qg3 Bxf3 13.Qxf3 Be7 14.f5 Nd7 15.Be3 a5
16.a4 Rb8 17.b3 h6 18.Rad1 Nc5 19.Bc4 Bg5 20.Bf2 Bd8 21.Bxc5 dxc5 22.Be6 O-O
23.Rd7 Qb6 24.Bc4 Rb7 25.Rfd1 Be7 26.Rxe7 Rxe7 27.f6 Re6 28.fxg7 Rd8 29.Rf1 Rd7
30.Bxe6  1-0

[Event "ch-Arab w"]
[Site "Dubai UAE"]
[Date "2005.09.20"]
[Round "9"]
[White "Mouradian,K"]
[Black "Mir Mahmoud,A"]
[Result "1/2-1/2"]
[WhiteElo "2146"]
[BlackElo "2021"]

1.e4 c5 2.Nf3 e6 3.d4 cxd4 4.Nxd4 a6 5.Bd3 Nf6 6.O-O Qc7 7.c4 Nc6 8.Nxc6 bxc6
9.Qe2 d5 10.e5 Nd7 11.f4 Be7 12.Nc3 O-O 13.Rf3 g6 14.Bd2 Re8 15.Kh1 Bf8 16.Rh3 Bg7
17.Qg4 Nf8 18.Re1 Bd7 19.Nd1 Rab8 20.Qe2 a5 21.Bc1 f5 22.g4 Qb7 23.Rg3 c5
24.Kg1 d4 25.h4 Re7 26.h5 Bc6 27.Nf2 Kf7 28.Rh3 Nd7 29.h6 Bf8 30.gxf5 exf5
31.Qc2 Ke6 32.Nh1 Rf7 33.Ng3 Be7 34.Re2 a4 35.Re1  1/2-1/2

[Event "EYb14"]
[Site "Herceg Novi SCG"]
[Date "2005.09.21"]
[Round "7"]
[White "Kanmazalp,O"]
[Black "Kruglyakov,P"]
[Result "0-1"]
[WhiteElo "2129"]
[BlackElo "2242"]

1.e4 c5 2.Nf3 e6 3.d4 cxd4 4.Nxd4 a6 5.Bd3 Nf6 6.O-O d6 7.c4 Be7 8.Nc3 O-O
9.b3 Qc7 10.Bb2 b6 11.Qe2 Bb7 12.Rad1 Nbd7 13.f4 Rfe8 14.Bb1 Bf8 15.Nf3 Qc5+
16.Kh1 Qh5 17.Qd2 Rad8 18.Rde1 Qh6 19.Qf2 d5 20.cxd5 exd5 21.e5 Bc5 22.Qh4 Qxh4
23.Nxh4 Ng4 24.Nd1 Bb4 25.Re2 a5 26.Bd3 Bc6 27.Rc2 Ba8 28.Bb5 Bc5 29.Nf5 g6
30.Nd4 Re7 31.h3 Nh6 32.g4 Nf8 33.Nf2 Ne6 34.Nxe6 fxe6 35.Nd3 Be3 36.Kh2 Rf7
37.Kg3 d4 38.Ba3 Be4 39.h4 Kh8 40.Bd6 Ng8 41.a4 h5 42.g5 Ne7 43.Bxe7 Rxe7
44.Re2 Rc7 45.Bc4 Rxc4  0-1

[Event "EYb16"]
[Site "Herceg Novi SCG"]
[Date "2005.09.22"]
[Round "8"]
[White "Lintchevski,D"]
[Black "Figura,A"]
[Result "1/2-1/2"]
[WhiteElo "2332"]
[BlackElo "2277"]

1.e4 c5 2.Nf3 e6 3.d4 cxd4 4.Nxd4 a6 5.Bd3 Bc5 6.Nb3 Ba7 7.Qe2 Nc6 8.Be3 d6
9.f4 Nge7 10.O-O O-O 11.N1d2 Ng6 12.g3 b5 13.a4 b4 14.a5 d5 15.Bxa7 Rxa7
16.e5 f6 17.Nf3 Qc7 18.h4 fxe5 19.Bxg6 hxg6 20.Nxe5 Nxe5 21.fxe5 Rf5 22.Rae1 Bd7
23.Nd4 Bb5 24.Nxb5 Qc5+ 25.Qe3 Rxf1+ 26.Kxf1 Qxb5+ 27.Kg2 Rc7 28.Re2 Qxa5
29.Rf2 Qb5 30.Qf4 Qc4 31.Qf3 Qd4 32.h5 gxh5 33.Qxh5 Qe4+ 34.Kh2 Rxc2  1/2-1/2

[Event "EYg18"]
[Site "Herceg Novi SCG"]
[Date "2005.09.22"]
[Round "8"]
[White "Lelekova,O"]
[Black "Burtasova,A"]
[Result "0-1"]
[WhiteElo "2213"]
[BlackElo "2239"]

1.e4 c5 2.Nf3 e6 3.d4 cxd4 4.Nxd4 a6 5.Bd3 d5 6.e5 Bc5 7.Nb3 Bb6 8.Qg4 g6
9.O-O Nc6 10.Bf4 Nge7 11.N1d2 O-O 12.Nf3 f6 13.exf6 e5 14.Qg5 exf4 15.fxe7 Nxe7
16.c4 Bf5 17.Be2 d4 18.Qh6 Nc6 19.Ng5 Qe7 20.c5 Bc7 21.Bc4+ Kh8 22.Rad1 Be5
23.Rfe1 Qg7 24.Qh4 h6 25.Nxd4 Bxd4 26.Rxd4 Nxd4 27.Re7 Rae8 28.Nf7+ Rxf7
29.Rxe8+ Rf8 30.Re7 g5 31.Rxg7 gxh4 32.Rxb7 f3 33.Rb6 h3 34.gxf3 Nxf3+ 35.Kf1 Nd2+
36.Ke2 Nxc4 37.Rxh6+ Kg7 38.Rxa6 Nxb2 39.Rb6 Bg4+ 40.Ke1 Nd3+ 41.Kd2 Nxc5
42.Rb5 Rxf2+ 43.Ke3 Rf3+ 44.Kd2 Ne4+ 45.Kc2 Rf2+ 46.Kd3 Be2+  0-1

[Event "EYg18"]
[Site "Herceg Novi SCG"]
[Date "2005.09.23"]
[Round "9"]
[White "Dierckens,S"]
[Black "Ivekovic,I"]
[Result "0-1"]
[WhiteElo "1851"]
[BlackElo "1923"]

1.e4 c5 2.Nf3 e6 3.d4 cxd4 4.Nxd4 a6 5.Bd3 Qc7 6.O-O Nf6 7.Qe2 d6 8.a4 b6
9.Be3 Bb7 10.Nd2 Nbd7 11.f3 d5 12.exd5 Nxd5 13.Bf2 Bd6 14.h3 Nf4 15.Qe3 O-O
16.Ne4 Be5 17.c3 Nxd3 18.Qxd3 Nf6 19.Nd2 Nh5 20.Ne4 Rad8 21.Qc2 Bxd4 22.Bxd4 Rxd4
23.Qf2 Rd7 24.Qh4 Bxe4 25.fxe4 Qc5+ 26.Kh1 Rd3 27.Rf3 Rfd8 28.Raf1 R8d7 29.Kh2 Qe5+
30.Kg1 Rxf3 31.Rxf3 Rd1+ 32.Kf2 Nf6 33.Ke2 Rb1 34.Rd3 Rxb2+ 35.Kd1 h6 36.Rg3 Qd6+  0-1

[Event "Autumn 4"]
[Site "Alushta UKR"]
[Date "2005.09.30"]
[Round "8"]
[White "Olenin,N"]
[Black "Eisenbeiser,A"]
[Result "1/2-1/2"]
[WhiteElo "2399"]
[BlackElo "2318"]

1.e4 c5 2.Nf3 e6 3.d4 cxd4 4.Nxd4 a6 5.Bd3 Nf6 6.O-O Qc7 7.Nc3 d6 8.Kh1 Nbd7
9.f4 g6 10.Qe2 Bg7 11.Nf3 O-O 12.Bd2 Nc5 13.Rae1 Nfd7 14.Qe3 Nxd3 15.cxd3 Qb6
16.d4 Qxb2 17.Rb1 Qa3 18.Rb3 Qa5 19.Nb5 Qb6 20.Na3 Qc7 21.Rc1 Qb8 22.Ba5 b6
23.Nc4 b5 24.Ncd2 Bb7 25.Bc7 Qa7 26.Bxd6 Rfc8 27.Rbc3 Rxc3 28.Rxc3 Rc8 29.Ne5 Nxe5
30.fxe5 Qa8 31.Kg1 Rxc3 32.Qxc3 Bh6 33.Qc2 Bxd2 34.Qxd2 Bxe4 35.Be7 Qd5 36.h4 Bxg2
37.Qh6 Qxd4+ 38.Kxg2 Qe4+ 39.Kf2 Qc2+  1/2-1/2

[Event "Belgrade Premier League"]
[Site "Belgrade SCG"]
[Date "2005.10.01"]
[Round "1"]
[White "Karaklajic,N"]
[Black "Djerfi,K"]
[Result "1-0"]
[WhiteElo "2353"]
[BlackElo "2350"]

1.e4 c5 2.Nf3 e6 3.d4 cxd4 4.Nxd4 a6 5.Bd3 Nc6 6.Nxc6 dxc6 7.O-O Qc7 8.Nd2 e5
9.a4 Be6 10.Bc4 Qd7 11.Qh5 Bd6 12.Bxe6 Qxe6 13.Qe2 Nf6 14.Nc4 Bc7 15.Bg5 O-O
16.Bxf6 Qxf6 17.a5 Qe7 18.Ra3 Qc5 19.Rh3 g6 20.c3 Rad8 21.b4 Qb5 22.Qa2 Rd7
23.Qb3 Rfd8 24.Rf3 Kg7 25.h4 c5 26.h5 Rf8 27.Rb1 Qc6 28.Re1 Qe6 29.bxc5 Rfd8
30.Qa4 Qg4 31.c6 bxc6 32.Qxc6 Qe6 33.Qxe6 fxe6 34.hxg6 hxg6 35.Kf1 Rb8 36.Ke2 Rb5
37.Rd3 Rf7 38.Ra1 Rc5 39.Ra4 Rf4 40.f3 Rh4 41.Rd7+ Kf6 42.Kd3 Rh1 43.Kc2 Rg1
44.Rd2 Kg5 45.Re2 Kf4 46.Nb2 Kg3 47.Nd3 Rb5 48.Rc4 Bd8 49.Rc8 Bh4 50.Rc6 Rxa5
51.Rxe6 g5 52.Rxe5 Ra2+ 53.Nb2 a5  1-0

[Event "Open A"]
[Site "Hamburg GER"]
[Date "2005.10.01"]
[Round "1"]
[White "Neumann,Mi"]
[Black "Schneider,K"]
[Result "1/2-1/2"]
[WhiteElo "2204"]
[BlackElo "2186"]

1.e4 c5 2.Nf3 e6 3.d4 cxd4 4.Nxd4 a6 5.Bd3 Qc7 6.O-O Nf6 7.Qe2 d6 8.c4 Nbd7
9.Nc3 Be7 10.Be3 O-O 11.Rac1 b6 12.f3 Bb7 13.Qf2 Ne5 14.Be2 Rac8 15.Rfd1 Qb8
16.b3 Ned7 17.a3 Bd8 18.b4 Re8 19.Nb3 Bc6 20.Kh1 Bc7 21.Rd2 Nf8 22.Rcd1 h6
23.Bf4 e5 24.Be3 Bd7 25.Bf1 Be6 26.Nd5 Nxd5 27.cxd5 Bd7 28.Bxa6 Rcd8 29.b5 Bc8
30.Bxc8 Rxc8 31.Rc2 Nd7 32.Rdc1 Nc5 33.Nxc5 dxc5 34.Rc4 Bd6 35.g4 Qa7 36.a4 Ra8
37.Rg1 f6 38.Ra1 Qd7 39.Qb2 h5 40.h3 Kf7 41.Kg2 Rh8 42.Rcc1 hxg4 43.fxg4 Rh4
44.Qe2 Rah8 45.Rh1 g6 46.Bf2 R4h7 47.a5 bxa5 48.Rxa5 Rb8 49.Rb1 f5 50.b6 fxg4
51.Qxg4 Qxg4+ 52.hxg4 Kf6 53.Bxc5 Bxc5 54.Rxc5 Kg5 55.Rc3 Rbh8 56.Rg3 Kf4
57.Rf3+ Kxe4 58.Rb4+ Kxd5 59.b7 Rb8 60.Rfb3 Rf7 61.Rb5+ Kc4 62.R5b4+  1/2-1/2

[Event "Open A"]
[Site "Hamburg GER"]
[Date "2005.10.02"]
[Round "2"]
[White "Rohmann,V"]
[Black "Held,F"]
[Result "1-0"]
[WhiteElo "1891"]
[BlackElo "1959"]

1.e4 c5 2.Nf3 e6 3.d4 cxd4 4.Nxd4 a6 5.Bd3 Bc5 6.Nb3 Be7 7.O-O Qc7 8.c4 Nf6
9.Nc3 d6 10.Be3 b6 11.Rc1 Bb7 12.Qe2 Nbd7 13.f4 Rc8 14.f5 e5 15.g4 Nc5 16.Nxc5 dxc5
17.g5 Nd7 18.Nd5 Bxd5 19.exd5 f6 20.g6 hxg6 21.fxg6 Bd6 22.Be4 Rb8 23.Qg4 Nf8
24.Rc2 Qd7 25.Bf5 Qb7 26.h4 b5 27.b3 a5 28.h5 a4 29.h6 axb3 30.axb3 bxc4
31.bxc4 Qb3 32.Bc1 Qe3+  1-0

[Event "Open A"]
[Site "Hamburg GER"]
[Date "2005.10.02"]
[Round "2"]
[White "Heinemann,T"]
[Black "Grohde,W"]
[Result "1/2-1/2"]
[WhiteElo "2441"]
[BlackElo "2168"]

1.e4 c5 2.Nf3 e6 3.d4 cxd4 4.Nxd4 a6 5.Bd3 g6 6.c4 Bg7 7.Nb3 Ne7 8.Nc3 O-O
9.O-O d5 10.exd5 exd5 11.c5 Nbc6 12.Na4 Ne5 13.Nb6 Bd7 14.Be2 Rb8 15.Bf4 Bc6
16.Nd4 Nc8 17.Nxc8 Rxc8 18.Rc1 Re8 19.b4 Qd7 20.Nxc6 Nxc6 21.Bd2 d4 22.Bg4 f5
23.Qb3+ Kh8 24.Bf3 Ne5 25.Bd1 Ng4 26.Bxg4 fxg4 27.Qd3 Re6 28.f3 Rce8 29.fxg4 Re2
30.Rce1 Rxe1 31.Rxe1 Rxe1+ 32.Bxe1 Qxg4 33.Bf2 Qf4 34.g3 Qe5 35.a3 Qd5 36.Kf1 Kg8
37.Ke2 Qa2+ 38.Kf3 Qf7+ 39.Kg2 Qd7 40.Qb3+ Kf8 41.Qd3 Ke7 42.Qe4+ Kf7 43.Qd3 Qd5+
44.Kg1 Ke6 45.a4 Qf5 46.Qe2+ Qe5 47.Qc4+ Qd5 48.Qd3  1/2-1/2

[Event "2nd Highlands Open A"]
[Site "Havlickuv Brod CZE"]
[Date "2005.10.02"]
[Round "9"]
[White "Klima,L"]
[Black "Haba,Z"]
[Result "1-0"]
[WhiteElo "2446"]
[BlackElo "2277"]

1.e4 c5 2.Nf3 e6 3.d4 cxd4 4.Nxd4 a6 5.Bd3 g6 6.f4 Bg7 7.Nf3 Ne7 8.O-O d5
9.e5 Nbc6 10.Qe1 O-O 11.Nbd2 Nb4 12.Nb3 Nxd3 13.cxd3 Bd7 14.Nbd4 Nc6 15.Be3 Nxd4
16.Bxd4 Rc8 17.Qe3 Qe7 18.a3 Ba4 19.Rae1 Rfd8 20.g4 h6 21.Kh1 Rd7 22.f5 Bf8
23.fxg6 fxg6 24.g5 Kh7 25.h4 Rc2 26.Nh2 h5 27.Rf6 Bg7 28.Nf3 Rdc7 29.Ng1 Qd7
30.Ne2 Qc8 31.Rff1 Be8 32.Kg1 b5 33.Bc3 d4 34.Nxd4 R7xc3 35.bxc3 Ra2 36.Rf6 Bxf6
37.gxf6 Bf7 38.Nf3 Qb7 39.Ng5+ Kg8 40.Qe4 Qa7+ 41.Qd4 Qb7 42.Re4 Qc7 43.Qd6 Ra1+
44.Kh2 Qc8 45.Nxf7 Qxc3 46.Qd8+  1-0